| 000 | 00677nam a2200217 a 4500 | ||
|---|---|---|---|
| 001 | 473 | ||
| 003 | CDMR | ||
| 005 | 20131202165643.0 | ||
| 008 | 130130s1982||||||||||||||||||||||||||||d | ||
| 020 | _a8474423171 | ||
| 040 |
_aCDMR _bcat _cCDMR |
||
| 100 | 1 |
_aCalvo Hernando, Manuel _9316 |
|
| 245 | 1 | 0 |
_aCivilización tecnológica e información _b: el periodismo científico : misiones y objetivos _cManuel Calvo Hernandp |
| 260 |
_aBarcelona _c1982 _bMitre |
||
| 300 | _a163 p. | ||
| 650 | 0 | 4 |
_93156 _aSocietat de la informació |
| 650 | 0 | 4 |
_92804 _aPeriodisme científic |
| 650 | 0 | 4 |
_94259 _aDivulgació científica |
| 650 | 0 | 4 |
_94423 _aTecnologia i civilització |
| 942 |
_cMON _2udc |
||
| 999 |
_c473 _d473 |
||